Central Library OPAC University of Rajshahi

Geo-Chemistry of ground water in Rajshahi City and Improving its Quality for Dringking Purpose / (Record no. 81094)

MARC details
000 -LEADER
fixed length control field 01141nam a22002657a 4500
001 - CONTROL NUMBER
RUCL Control Number 81094
003 - CONTROL NUMBER IDENTIFIER
rucl marc code BD-RjUL
005 - DATE AND TIME OF LATEST TRANSACTION
control field 20241201142730.0
008 - FIXED-LENGTH DATA ELEMENTS--GENERAL INFORMATION
fixed length control field 230117s2013 bg a|||| m||| 00| 0 eng d
035 ## - SYSTEM CONTROL NUMBER
system control number (BD-RjUL)81094
040 ## - CATALOGING SOURCE
Original cataloging agency BD-RjUL
Language of cataloging eng
Transcribing agency BD-RjUL
Modifying agency BD-RjUL
041 ## - LANGUAGE CODE
Language code of Book eng
082 ## - DEWEY DECIMAL CLASSIFICATION NUMBER
DDC Edition number 23
Classification number 551.4954924
Author mark and Year UDG 2013
100 ## - MAIN ENTRY--PERSONAL NAME
Personal name Uddin, S. M. Helal
9 (RLIN) 6617
245 10 - TITLE STATEMENT
Title Geo-Chemistry of ground water in Rajshahi City and Improving its Quality for Dringking Purpose /
Statement of responsibility, etc By S. M. Helal Uddin ;
Name of Supervisor/Co-Supervisor Principal Supervisor : Md. Golam Mostafa, Co-Supervisor : A. B. M. Hamidul Haque,
260 ## - PUBLICATION, DISTRIBUTION, ETC. (IMPRINT)
Place of publication, distribution, etc Rajshahi :
Name of publisher, distributor, etc Institute of Environmental Science, University of Rajshahi,
Date of publication, distribution, etc 2013
300 ## - PHYSICAL DESCRIPTION
Pagination xiii, 133 leaves :
Other physical details ill, ;
Dimensions 29.cm.
502 ## - DISSERTATION NOTE
Dissertation note Thesis (Ph. D.) -- Institute of Environmental Science, University of Rajshahi, 2013
504 ## - BIBLIOGRAPHY, ETC. NOTE
Bibliography, etc References : Leaves 91 - 109
650 ## - SUBJECT ADDED ENTRY--TOPICAL TERM
Topical term or geographic name as entry element Ground water
Form subdivision Geology
Geographic subdivision Rajshahi
9 (RLIN) 6618
700 ## - ADDED ENTRY--SUPERVISOR/CO-SUPERVISOR NAME
Personal name Mostafa, Md. Golam, Principal Supervisor
9 (RLIN) 6619
Personal name Haque, A. B. M. Hamidul, Co-Supervisor
9 (RLIN) 6620
856 ## - ELECTRONIC LOCATION AND ACCESS
Link text http://rulrepository.ru.ac.bd/handle/123456789/772
942 ## - ADDED ENTRY ELEMENTS (KOHA)
Source of classification or shelving scheme Dewey Decimal Classification
Koha item type Theses
Holdings
Source of classification or shelving scheme Damaged status Not for loan Collection code Permanent Location Current Location Shelving location Date of accession Source of acquisition Total Checkouts Full call number Barcode Date last seen Copy number Thesis
Dewey Decimal Classification   Not For Loan Theses Central Library, University of Rajshahi Central Library, University of Rajshahi Documentation Section 13/12/2014 Controller of Exam. R.U.   THE 551.4954924 UDG 2013 D3691 17/01/2023 C-1 Theses